Maladies des articulations et difformités articulaires / (Record no. 185637)

MARC details
000 -LEADER
campo de control de longitud fija 00766nam a2200205 i 4500
001 - NÚMERO DE CONTROL
campo de control 185637
003 - IDENTIFICADOR DE NÚMERO DE CONTROL
campo de control ES-MaACL
005 - FECHA Y HORA DE LA ÚLTIMA TRANSACCIÓN
campo de control 20251005063139.0
008 - DATOS DE LONGITUD FIJA--INFORMACIÓN GENERAL
campo de control de longitud fija 160729s1926 fr |||| | fre d
100 1# - ENTRADA PRINCIPAL--NOMBRE DE PERSONA
Nombre de persona Broca, Auguste,
Fechas asociadas al nombre 1859-1924
9 (RLIN) 160249
245 10 - MENCIÓN DEL TÍTULO
Título Maladies des articulations et difformités articulaires /
Mención de responsabilidad, etc. par A. Broca, ... et Raoul Monod.
260 ## - PUBLICACIÓN, DISTRIBUCIÓN, ETC.
Lugar de publicación, distribución, etc. Paris :
Nombre del editor, distribuidor, etc. J.-B. Baillière et fils,
Fecha de publicación, distribución, etc. 1926.
300 ## - DESCRIPCIÓN FÍSICA
Extensión 453 p. :
Otras características físicas il. ;
Dimensiones 24 cm.
490 1# - MENCIÓN DE SERIE
Mención de serie Nouveau traité de chirurgie clinique et opératoire ;
Designación de volumen o secuencia 9
650 04 - PUNTO DE ACCESO ADICIONAL DE MATERIA--TÉRMINO DE MATERIA
Término de materia o nombre geográfico como elemento de entrada Articulaciones-
Subdivisión general Enfermedades.
9 (RLIN) 10349
700 1# - ENTRADA AGREGADA--NOMBRE PERSONAL
Nombre de persona Monod, Raoul.
9 (RLIN) 160251
830 0# - PUNTO DE ACCESO ADICIONAL DE SERIE-TÍTULO UNIFORME
Título uniforme Nouveau traité de chirurgie clinique et opératoire ;
Designación de volumen o secuencia 9
9 (RLIN) 192361
852 ## - LOCALIZACIÓN
Ubicación ES-MaACL
Número de control de estantería B-13550
Holdings
Estatus retirado Estado de pérdida Estado de daño No para préstamo Biblioteca de origen Biblioteca actual Ubicación en estantería Fecha de adquisición Fuente de adquisición Total de préstamos Signatura topográfica completa Código de barras Visto por última vez Precio de reemplazo Tipo de ítem Koha
        Biblioteca del Ateneo de Madrid Biblioteca del Ateneo de Madrid Sala Pardo Bazán 29/07/2016     B-13550 1195684 23/02/2023 23/02/2023 Libro impreso